000 00623nam a22001937a 4500
008 160823b xxu||||| |||| 00| 0 eng d
020 _a9715503764
082 _22001
_aDFil 809.9357
_bG94
100 _913573
_aGuillermo, Alice G.
245 _aImage to meaning:
_bessays on Philippine art/
_cAlice G. Guillermo
260 _aQuezon City:
_bADMU Press,
_cc2001.
300 _avii, 254 pages:
_billustrations;
_cc2001.
500 _aIncludes references and index.
650 0 _913575
_aEssays.
650 0 _913576
_aArts
_xLiterary collections
650 0 _913577
_aAnthologies
365 _b379.50
_cPhp.
942 _2ddc
_cDFIL
999 _c4078
_d4078